000
00328nam a22001457a 4500
008
221212b ||||| |||| 00| 0 eng d
020
_a
978030899648
041
_a
eng
080
_2
second edition
_a
159.9
082
_a
159.9PRI
100
_a
25
101
_a
PSI
245
_a
ABNORMAL BEHAVIOR
_c
PRICE.H.R
942
_2
udc
_c
BK
999
_c
59161
_d
59161